| 000 | 01079nam a22002897a 4500 | ||
|---|---|---|---|
| 001 | 7651 | ||
| 003 | FISKH | ||
| 005 | 20250729152913.0 | ||
| 008 | 250729b cb ||||| |||| 00| 0 eng d | ||
| 020 | _a9780547223001 | ||
| 040 |
_aFISKH _beng _cFISKH _dFISKH |
||
| 050 | _aPS3619.A4256 B66 | ||
| 082 | _a811.6 | ||
| 100 | _aSalas, Laura Purdie | ||
| 245 |
_aBook speak ! / _cby Laura Purdie Salas : Illustrated by Josee Bisaillon |
||
| 260 |
_aBoston : _bHoughton Mifflin Harcourt , _c2011. |
||
| 300 |
_a32 unnumbered pages : _bcolor illustrations ; _c26 x 27 cm . |
||
| 505 | _aM | ||
| 520 | _aPresents a series of poems which pay tribute to the limitless worlds available through books, as characters plead for sequels, strut fancy jackets, and have a raucous party in the aisles after a bookstore closes for the night. | ||
| 521 | 8 |
_a540
_bLexile AD |
|
| 521 | 8 |
_aM
_bRaz-Plus |
|
| 650 |
_aBooks and reading _vFiction |
||
| 650 |
_aPoems about books _vFiction |
||
| 700 |
_aBisaillon, Josee _eIllustrator |
||
| 942 |
_2ddc _cBK _n0 |
||
| 999 |
_c7651 _d7651 |
||